000 00434 a2200181 4500
005 20241218111824.0
008 241218b |||||||| |||| 00| 0 eng d
020 _a9789388841061
_cRs. 1595.00
040 _aMAIN
082 _a510
_bH222C(3)
100 _aHardy, G H
245 _aCourse of pure mathematics
250 _a3rd
260 _aNew Delhi
_bHawk Press
_c2024
300 _a561
650 _aMathematics
942 _cBK
999 _c357469
_d357469